| 000 | 02135nam a2200517Ii 4500 | ||
|---|---|---|---|
| 001 | DIGUANDES753 | ||
| 003 | NyNyDIG | ||
| 006 | m o d | ||
| 007 | cr ||||||||||| | ||
| 008 | 241203s2024 ck ob 001 0 spa d | ||
| 035 | _a(OCoLC)1482222308 | ||
| 040 |
_aDGITA _beng _erda _epn _cDGITA |
||
| 020 |
_a9789587986082 _qe-book |
||
| 020 |
_a9789587986099 _qe-pub |
||
| 020 | _z9789587986075 | ||
| 024 | 7 |
_ahttp://dx.doi.org/10.51573/Andes.9789587986075.9789587986082 _2doi |
|
| 041 | 1 |
_aspa _heng |
|
| 043 | _as-ck--- | ||
| 050 | 1 | 4 | _aHD9014.C72 ebook |
| 082 | 0 | 4 |
_a363.809861 _223 |
| 100 | 1 |
_aRoa-Clavijo, Felipe, _d1981- _eauthor. |
|
| 240 | 1 | 0 |
_aPolitics of food provisioning in Colombia. _lSpanish |
| 245 | 1 | 0 |
_aPolítica en el plato : _blos debates de la alimentación en Colombia / _cFelipe Roa-Clavijo. |
| 250 | _aPrimera edición en español. | ||
| 264 | 1 |
_aBogotá, D. C., Colombia : _bEdiciones Uniandes, _c[2024] |
|
| 300 | _a1 online resource. | ||
| 336 |
_atext _btxt _2rdacontent |
||
| 337 |
_acomputer _bc _2rdamedia |
||
| 338 |
_aonline resource _bcr _2rdacarrier |
||
| 347 |
_atext file _2rdaft |
||
| 347 | _bPDF | ||
| 347 | _bEPUB | ||
| 504 | _aIncludes bibliographical references and index. | ||
| 588 | 0 | _aOnline resource; title from PDF title page (Digitalia, viewed December 3, 2024) | |
| 650 | 0 |
_aFood supply _zColombia. |
|
| 650 | 0 |
_aAgriculture and state _zColombia. |
|
| 650 | 0 |
_aProtest movements _zColombia _xHistory _y21st century. |
|
| 650 | 0 |
_aRural development _zColombia. |
|
| 700 | 1 |
_iTranslation of: _aRoa-Clavijo, Felipe, _d1981- _tPolitics of food provisioning in Colombia. |
|
| 791 | 2 |
_aDigitalia (Firm), _edistributor. |
|
| 793 | 0 |
_gDigitalia eBook Collection: _aUniversidad de los Andes |
|
| 776 | 0 | 8 |
_iPrint version: _aRoa-Clavijo, Felipe, 1981- _sPolitics of food provisioning in Colombia. Spanish. _tPolítica en el plato. _bPrimera edición en español. _dBogotá, D. C., Colombia : Ediciones Uniandes, [2024] _z9789587986075 |
| 856 | 4 | 0 |
_3Digitalia Hispánica _uhttps://www.digitaliapublishing.com/a/163348/ |
| 910 | _aPremium collection: 2024 | ||
| 942 | _cRAA | ||
| 999 |
_c289780 _d289780 |
||